[Event "Sao Carlos Paulista-ch op"]
[Site "Sao Carlos"]
[Date "2023.09.08"]
[Round "4"]
[White "Frare, Fernando Cesar"]
[Black "Roselli, Danilo Palomares"]
[Result "1/2-1/2"]
[WhiteElo "2218"]
[BlackElo "1887"]
[PlyCount "99"]
[EventDate "2023.09.07"]
[EventType "swiss"]
[EventRounds "7"]
[EventCountry "BRA"]
[SourceTitle "EXT 2024"]
[Source "ChessBase"]
[SourceDate "2023.10.10"]
[SourceVersion "1"]
[SourceVersionDate "2023.10.10"]
[SourceQuality "1"]

1. Nf3 d5 2. b3 Bg4 3. Bb2 Bxf3 4. exf3 e6 5. g3 Nf6 6. Bg2 g6 7. 0-0 Bg7 8. d4 0-0 9. Nd2 Nbd7 10. f4 c6 11. Qe2 Nb6 12. Nf3 Nc8 13. Ne5 Re8 14. Rad1 Nd6 15. Rfe1 Qa5 16. a4 Qb6 17. Qd3 Rad8 18. g4 Nfe4 19. f3 Nf6 20. Kh1 a6 21. Re2 Qc7 22. Rde1 Re7 23. Ba3 Rde8 24. a5 Rd8 25. Qd2 Ree8 26. Nd3 Nb5 27. Bb2 Nd7 28. Ne5 Nd6 29. Bh3 f5 30. Nxd7 Qxd7 31. g5 Nb5 32. Ba1 Kf7 33. Bf1 Bf8 34. Bb2 Bd6 35. c4 Nc7 36. h4 Bf8 37. Rh2 Bg7 38. c5 Re7 39. Kg2 Rg8 40. b4 Ke8 41. h5 Bf8 42. Kf2 Kd8 43. Bd3 Kc8 44. Reh1 Rf7 45. hxg6 hxg6 46. Ke3 Rfg7 47. Rh8 Qe7 48. Qh2 Kd7 49. Qh4 Ne8 50. Kd2 1/2-1/2

[Event "Americana Paulista op"]
[Site "Americana"]
[Date "2013.09.22"]
[Round "6"]
[White "Mandetta, Joao Danilo"]
[Black "Frare, Fernando Cesar"]
[Result "1-0"]
[WhiteElo "2169"]
[BlackElo "2240"]
[PlyCount "41"]
[EventDate "2013.09.20"]
[EventType "swiss"]
[EventRounds "6"]
[EventCountry "BRA"]
[SourceTitle "CBM 156 Extra"]
[Source "ChessBase"]
[SourceDate "2013.10.22"]
[SourceVersion "1"]
[SourceVersionDate "2013.10.22"]
[SourceQuality "1"]

1. d4 d5 2. c4 c6 3. Nf3 Nf6 4. e3 e6 5. Bd3 dxc4 6. Bxc4 c5 7. 0-0 Nc6 8. Nc3 cxd4 9. exd4 Be7 10. Qe2 0-0 11. Rd1 Nb4 12. Bg5 Nbd5 13. Ne5 Nxc3 14. bxc3 Qc7 15. Qf3 Bd7 16. Rab1 b6 17. Qh3 Ba4 18. Bd3 g6 19. Re1 Qd6 20. Bf4 Nd5 21. Nxg6 1-0

[Event "Barrinha op"]
[Site "Barrinha"]
[Date "2011.10.15"]
[Round "4"]
[White "Frare, Fernando Cesar"]
[Black "Carneiro, Vitor Roberto Castr"]
[Result "1/2-1/2"]
[WhiteElo "2250"]
[BlackElo "1948"]
[PlyCount "72"]
[EventDate "2011.10.14"]
[EventType "swiss"]
[EventRounds "6"]
[EventCountry "BRA"]
[SourceTitle "CBM 144 Extra"]
[Source "ChessBase"]
[SourceDate "2011.10.28"]
[SourceVersion "1"]
[SourceVersionDate "2011.10.28"]
[SourceQuality "1"]

1. d4 d5 2. c4 e6 3. Nc3 Nf6 4. cxd5 exd5 5. Bg5 Be7 6. e3 0-0 7. Bd3 c6 8. Nge2 Re8 9. 0-0 Ne4 10. Bxe7 Qxe7 11. Bxe4 dxe4 12. Qc2 Nd7 13. Ng3 Nf6 14. Na4 Nd5 15. a3 a5 16. Nc3 Nf6 17. b4 h5 18. h4 Bg4 19. Rac1 axb4 20. axb4 b5 21. Nce2 Ra6 22. Qc5 Qxc5 23. Rxc5 Bxe2 24. Nxe2 Nd5 25. Rb1 g6 26. Nc3 Nxc3 27. Rxc3 Rd8 28. Rbc1 Rd6 29. Rc5 Ra4 30. Rxc6 Rxc6 31. Rxc6 Rxb4 32. Kh2 Rb2 33. Kg3 b4 34. Rb6 b3 35. d5 Rd2 36. Rxb3 Rxd5 1/2-1/2

[Event "Barrinha op"]
[Site "Barrinha"]
[Date "2011.10.14"]
[Round "2"]
[White "Frare, Fernando Cesar"]
[Black "Kina, Caio Garcia"]
[Result "1-0"]
[WhiteElo "2250"]
[BlackElo "1874"]
[PlyCount "105"]
[EventDate "2011.10.14"]
[EventType "swiss"]
[EventRounds "6"]
[EventCountry "BRA"]
[SourceTitle "CBM 144 Extra"]
[Source "ChessBase"]
[SourceDate "2011.10.28"]
[SourceVersion "1"]
[SourceVersionDate "2011.10.28"]
[SourceQuality "1"]

1. d4 Nf6 2. Nf3 e6 3. c4 b6 4. a3 Ba6 5. e3 d5 6. Nbd2 Be7 7. b3 0-0 8. Bb2 Nbd7 9. Be2 Rc8 10. 0-0 Re8 11. Rc1 c5 12. cxd5 Bxe2 13. Qxe2 exd5 14. Rfd1 Bd6 15. Qa6 Rc7 16. dxc5 Nxc5 17. Qb5 Qd7 18. Qxd7 Ncxd7 19. Rxc7 Bxc7 20. Rc1 Bb8 21. Bxf6 Nxf6 22. Nd4 Kf8 23. N2f3 Ne4 24. Kf1 Nd6 25. Ke2 Rc8 26. Rxc8+ Nxc8 27. Kd3 f6 28. Nc6 Bd6 29. Kd4 Bxa3 30. Kxd5 Ne7+ 31. Nxe7 Kxe7 32. Nd4 Kd7 33. Nb5 Bb4 34. Nxa7 Bd6 35. h3 Bh2 36. e4 Bg1 37. f4 Bh2 38. f5 Be5 39. b4 Bc3 40. b5 Be5 41. Nc6 Bc3 42. g4 h6 43. e5 Bb2 44. e6+ Kc7 45. Nb4 Ba3 46. Na6+ Kb7 47. e7 Bxe7 48. Ke6 Ba3 49. Kf7 Bc1 50. Kxg7 Bg5 51. Kf7 Bh4 52. Ke6 Bg5 53. Nb4 1-0

[Event "Sindilegis op-B"]
[Site "Sindilegis"]
[Date "2009.10.25"]
[Round "?"]
[White "Frare, Fernando Cesar"]
[Black "Oliveira, Silvio Eduardo"]
[Result "0-1"]
[WhiteElo "2262"]
[BlackElo "2371"]
[PlyCount "72"]
[EventDate "2009.10.23"]
[EventType "swiss"]
[EventRounds "6"]
[EventCountry "BRA"]
[SourceTitle "EXT 2012"]
[Source "ChessBase"]
[SourceDate "2011.11.24"]
[SourceVersion "1"]
[SourceVersionDate "2011.11.24"]
[SourceQuality "1"]

1. d4 Nf6 2. Nf3 e6 3. e3 c5 4. c4 d5 5. Nc3 cxd4 6. exd4 Bb4 7. cxd5 Nxd5 8. Bd2 Nc6 9. a3 Be7 10. Ne5 0-0 11. Nxc6 bxc6 12. Qf3 Bf6 13. Nxd5 exd5 14. Be3 c5 15. Be2 cxd4 16. Bd2 Rb8 17. Rb1 g6 18. g4 Re8 19. 0-0 h5 20. gxh5 Bf5 21. Rbe1 Rxb2 22. Bc1 Rc2 23. hxg6 fxg6 24. Bb5 Re4 25. Rxe4 Bxe4 26. Qf4 Qc8 27. f3 Bf5 28. Ba4 Re2 29. Bb3 Qc5 30. Qb8+ Kg7 31. Qb7+ Re7 32. Qxd5 Qxd5 33. Bxd5 d3 34. Rd1 Re2 35. f4 Bd4+ 36. Kh1 Bc3 0-1

[Event "Paulista Interclub-chT"]
[Site "Sao Paolo"]
[Date "2009.02.28"]
[Round "2"]
[White "Campelo, Leandro Fabricio"]
[Black "Frare, Fernando Cesar"]
[Result "1-0"]
[WhiteElo "2260"]
[BlackElo "2262"]
[PlyCount "101"]
[EventDate "2009.02.28"]
[EventType "team-tourn"]
[EventRounds "7"]
[EventCountry "BRA"]
[SourceTitle "CBM 129 Extra"]
[Source "ChessBase"]
[SourceDate "2009.05.05"]
[SourceVersion "2"]
[SourceVersionDate "2009.05.20"]
[SourceQuality "1"]

1. e4 c5 2. Nf3 d6 3. d4 cxd4 4. Nxd4 Nf6 5. Nc3 a6 6. Rg1 b5 7. g4 b4 8. Nd5 e6 9. Nxf6+ gxf6 10. Be3 Bb7 11. Qf3 d5 12. Bd3 Nd7 13. 0-0-0 Ne5 14. Qg2 Nxd3+ 15. cxd3 Be7 16. Kb1 Rc8 17. f3 Qd6 18. Qh3 h6 19. g5 fxg5 20. Qh5 Bf6 21. Nb3 d4 22. Bd2 a5 23. Rc1 a4 24. Rxc8+ Bxc8 25. Rc1 axb3 26. Rxc8+ Ke7 27. Rc4 bxa2+ 28. Kxa2 Ra8+ 29. Kb3 Qa6 30. Bxb4+ Ke8 31. Ba3 Rb8+ 32. Ka2 Be7 33. Qxh6 Rxb2+ 34. Kxb2 Qxa3+ 35. Kc2 Qa2+ 36. Kd1 Qb1+ 37. Ke2 Qb2+ 38. Kf1 Qb1+ 39. Kg2 Qxd3 40. Qh8+ Bf8 41. Rc8+ Kd7 42. Rxf8 Qe2+ 43. Kg3 Qe1+ 44. Kg4 Qg1+ 45. Kh5 Qxh2+ 46. Kxg5 Qg3+ 47. Kf6 Qg6+ 48. Ke5 Qg5+ 49. Kxd4 Qd2+ 50. Kc4 Qe2+ 51. Kb4 1-0

[Event "Barrinha Calil Memorial-A"]
[Site "Barrinha"]
[Date "2009.02.24"]
[Round "8"]
[White "Brandao, Renan Alves"]
[Black "Frare, Fernando Cesar"]
[Result "0-1"]
[WhiteElo "2003"]
[BlackElo "2262"]
[PlyCount "66"]
[EventDate "2009.02.20"]
[EventType "tourn"]
[EventRounds "9"]
[EventCountry "BRA"]
[SourceTitle "EXT 2011"]
[Source "ChessBase"]
[SourceDate "2010.11.26"]
[SourceVersion "1"]
[SourceVersionDate "2010.11.26"]
[SourceQuality "1"]

1. d4 d5 2. c4 c6 3. Nc3 Nf6 4. e3 a6 5. a4 Bf5 6. Nf3 e6 7. Be2 Nbd7 8. 0-0 h6 9. Qb3 Rb8 10. Rd1 Bd6 11. Bd2 0-0 12. Be1 Qe7 13. Nd2 Bg6 14. Nf1 Rfe8 15. f3 dxc4 16. Bxc4 e5 17. d5 b5 18. axb5 axb5 19. Be2 Nc5 20. Qa2 b4 21. Nb1 cxd5 22. Bh4 Bc2 23. Bxf6 gxf6 24. Nbd2 Bxd1 25. Rxd1 b3 26. Qb1 e4 27. fxe4 Nxe4 28. Nxe4 dxe4 29. Nd2 Bc5 30. Nc4 Qe6 31. Rf1 Rb4 32. Qe1 Rxc4 33. Qg3+ Kf8 0-1

[Event "Barrinha Gardengui op"]
[Site "Barrinha"]
[Date "2007.11.16"]
[Round "3.4"]
[White "Frare, Fernando Cesar"]
[Black "Brandao, Evandro Alves"]
[Result "1/2-1/2"]
[WhiteElo "2252"]
[BlackElo "2053"]
[PlyCount "115"]
[EventDate "2007.11.15"]
[EventType "swiss"]
[EventRounds "7"]
[EventCountry "BRA"]
[SourceTitle "EXT 2022"]
[Source "ChessBase"]
[SourceDate "2021.10.06"]
[SourceVersion "1"]
[SourceVersionDate "2021.10.06"]
[SourceQuality "1"]

1. d4 Nf6 2. Nf3 g6 3. g3 Bg7 4. Bg2 0-0 5. 0-0 d6 6. c4 Nbd7 7. Nc3 a6 8. e4 e5 9. h3 b5 10. cxb5 axb5 11. b4 Rb8 12. dxe5 Nxe5 13. Nxe5 dxe5 14. Be3 Be6 15. Qc2 Qc8 16. Kh2 Re8 17. Rfc1 Bc4 18. Na4 Bf8 19. Nc5 Nd7 20. a4 Nxc5 21. bxc5 c6 22. Bf1 Bxf1 23. Rxf1 bxa4 24. Rxa4 Rb5 25. Ra7 Rb7 26. Rxb7 Qxb7 27. Rb1 Qe7 28. Qc4 Qf6 29. Kg2 h5 30. Rb7 Qe6 31. Qxe6 Rxe6 32. Rb8 Kg7 33. Bh6+ Kxh6 34. Rxf8 Kg7 35. Rc8 Kf6 36. Rc7 Kg7 37. Kf3 g5 38. Ke3 Rg6 39. Re7 Kf6 40. Re8 Rh6 41. h4 gxh4 42. gxh4 Rg6 43. Rh8 Ke6 44. Rxh5 Rg1 45. f4 Rg3+ 46. Kf2 exf4 47. Rf5 Rc3 48. h5 Rh3 49. Kg2 Rh4 50. Kf3 f6 51. h6 Rxh6 52. Kxf4 Rg6 53. Rh5 Rg5 54. Rh8 Rxc5 55. Re8+ Kf7 56. Rc8 Rc3 57. e5 Rc4+ 58. Kf5 1/2-1/2

[Event "Americana Paulista Interior"]
[Site "Americana"]
[Date "2007.10.14"]
[Round "6"]
[White "Frare, Fernando Cesar"]
[Black "Barbosa, Evandro Amorim"]
[Result "1-0"]
[WhiteElo "2252"]
[BlackElo "2135"]
[PlyCount "57"]
[EventDate "2007.10.12"]
[EventType "swiss"]
[EventRounds "6"]
[EventCountry "BRA"]
[SourceTitle "EXT 2022"]
[Source "ChessBase"]
[SourceDate "2021.10.06"]
[SourceVersion "1"]
[SourceVersionDate "2021.10.06"]
[SourceQuality "1"]

1. d4 Nf6 2. Nf3 g6 3. g3 Bg7 4. Bg2 0-0 5. 0-0 d6 6. c4 c5 7. dxc5 dxc5 8. Nc3 Nc6 9. Be3 Be6 10. Bxc5 Nd7 11. Be3 Bxc4 12. Nd4 Nde5 13. Nxc6 Nxc6 14. Qa4 Be6 15. Rfd1 Qc8 16. Rac1 Bh3 17. Nd5 Bf6 18. Nxf6+ exf6 19. Bh6 Bxg2 20. Bxf8 Qh3 21. Bd6 Re8 22. Qh4 Rxe2 23. Qxh3 Bxh3 24. Bf4 g5 25. Rd2 Re7 26. Bd6 Rd7 27. f4 Kg7 28. b4 gxf4 29. gxf4 1-0

[Event "Sao Jose de Rio Preto 04th"]
[Site "Sao Jose de Rio Preto"]
[Date "2005.02.20"]
[Round "9"]
[White "Giaccio, Alfredo Gustavo"]
[Black "Frare, Fernando Cesar"]
[Result "1/2-1/2"]
[WhiteElo "2467"]
[BlackElo "2247"]
[PlyCount "55"]
[EventDate "2005.02.14"]
[EventType "tourn"]
[EventRounds "9"]
[EventCountry "BRA"]
[EventCategory "3"]
[SourceTitle "CBM 104 Extra"]
[Source "ChessBase"]
[SourceDate "2005.03.01"]
[SourceVersion "1"]
[SourceVersionDate "2005.03.01"]
[SourceQuality "1"]

1. e4 c5 2. Nf3 d6 3. d4 cxd4 4. Nxd4 Nf6 5. Nc3 a6 6. h3 e5 7. Nb3 h6 8. f4 Be7 9. Be3 Nc6 10. Be2 exf4 11. Bxf4 Be6 12. 0-0 d5 13. e5 Ne4 14. Nxe4 dxe4 15. Qe1 Bg5 16. Rd1 Qb6+ 17. Kh1 Bxf4 18. Rxf4 Qe3 19. Qd2 Qxd2 20. Rxd2 Bxb3 21. axb3 Nxe5 22. Rxe4 f6 23. Rb4 b5 24. c4 Nc6 25. Bf3 Nxb4 26. Bxa8 Ke7 27. Bf3 Rc8 28. Rd4 1/2-1/2

[Event "Sao Jose de Rio Preto 04th"]
[Site "Sao Jose de Rio Preto"]
[Date "2005.02.14"]
[Round "1"]
[White "Frare, Fernando Cesar"]
[Black "Crosa Coll, Martin"]
[Result "1/2-1/2"]
[WhiteElo "2247"]
[BlackElo "2401"]
[PlyCount "157"]
[EventDate "2005.02.14"]
[EventType "tourn"]
[EventRounds "9"]
[EventCountry "BRA"]
[EventCategory "3"]
[SourceTitle "CBM 104 Extra"]
[Source "ChessBase"]
[SourceDate "2005.03.01"]
[SourceVersion "1"]
[SourceVersionDate "2005.03.01"]
[SourceQuality "1"]

1. d4 Nf6 2. Nf3 e6 3. c4 Nc6 4. Nc3 Bb4 5. Bd2 0-0 6. Qc2 Re8 7. a3 Bxc3 8. Bxc3 d5 9. e3 b6 10. b4 Bb7 11. c5 Ne7 12. Bb5 Nd7 13. Bd3 Nf8 14. 0-0 f6 15. cxb6 cxb6 16. b5 Rc8 17. Rfc1 e5 18. Bf1 Neg6 19. Qb2 e4 20. Nd2 f5 21. Bb4 Ne6 22. Rxc8 Qxc8 23. Rc1 Qd8 24. f4 exf3 25. Nxf3 Nh4 26. Qf2 Nxf3+ 27. Qxf3 Qg5 28. Rc3 Rd8 29. h4 Qf6 30. g3 Rd7 31. Bg2 Rf7 32. Qf2 Qd8 33. a4 h6 34. Rc1 Qd7 35. Qa2 Qd8 36. Qe2 Qb8 37. Qf3 g5 38. hxg5 hxg5 39. Be1 Qf8 40. Qh5 Kg7 41. Ra1 Rf6 42. a5 g4 43. axb6 Rh6 44. Qxh6+ Kxh6 45. bxa7 Ng5 46. b6 Qd8 47. Rb1 Kg6 48. Kf2 Ne6 49. Rb5 Qd7 50. Ra5 Qd8 51. Rxd5 Bxd5 52. b7 Bxg2 53. b8Q Qd5 54. Ke2 Qa2+ 55. Bd2 Bf3+ 56. Kd3 Qa6+ 57. Kc3 Qc6+ 58. Kb4 Bd5 59. Qb5 Qd6+ 60. Ka5 Bc6 61. Qb4 Qd5+ 62. Kb6 Qd7 63. Ka6 Nd8 64. Qb8 Bb7+ 65. Ka5 Qd5+ 66. Kb4 Nc6+ 67. Ka3 Nd8 68. Bb4 Nf7 69. Qg8+ Kf6 70. Qf8 Qd8 71. Qc5 Ke6 72. Kb2 Qd7 73. Qf8 Nd8 74. Qg8+ Kf6 75. Qf8+ Kg6 76. Qg8+ Kf6 77. Qf8+ Kg6 78. Qg8+ Kf6 79. Qf8+ 1/2-1/2

[Event "Itau Cup 8th"]
[Site "Sao Paulo"]
[Date "2004.10.02"]
[Round "9"]
[White "Frare, Fernando Cesar"]
[Black "Limp, Eduardo Thelio"]
[Result "0-1"]
[WhiteElo "2226"]
[BlackElo "2441"]
[PlyCount "74"]
[EventDate "2004.09.04"]
[EventType "swiss"]
[EventRounds "9"]
[EventCountry "BRA"]
[SourceTitle "CBM 102 Extra"]
[Source "ChessBase"]
[SourceDate "2004.11.03"]
[SourceVersion "1"]
[SourceVersionDate "2004.11.03"]
[SourceQuality "1"]

1. d4 Nf6 2. Nf3 e6 3. c4 b6 4. a3 Bb7 5. Nc3 d5 6. cxd5 Nxd5 7. Qc2 Be7 8. e4 Nxc3 9. bxc3 0-0 10. Bd3 c5 11. 0-0 cxd4 12. cxd4 Qc8 13. Qe2 Ba6 14. Rd1 Bxd3 15. Rxd3 Qa6 16. Bg5 Bxg5 17. Nxg5 h6 18. Nf3 Nd7 19. Rad1 Rac8 20. g4 Rc3 21. Qe3 Rxd3 22. Rxd3 Rc8 23. e5 Qc4 24. Kg2 Nf8 25. Nd2 Qc2 26. Ne4 Ng6 27. Rc3 Rxc3 28. Nxc3 b5 29. Ne4 a5 30. Kg3 b4 31. axb4 axb4 32. Nc5 Qd1 33. h3 Ne7 34. Nb3 Qg1+ 35. Kh4 Nd5 36. Qg3 g5+ 37. Kh5 Kg7 0-1

[Event "Itau Cup 8th"]
[Site "Sao Paulo"]
[Date "2004.09.29"]
[Round "6"]
[White "Chang, Suzana"]
[Black "Frare, Fernando Cesar"]
[Result "1/2-1/2"]
[WhiteElo "2101"]
[BlackElo "2226"]
[PlyCount "70"]
[EventDate "2004.09.04"]
[EventType "swiss"]
[EventRounds "9"]
[EventCountry "BRA"]
[SourceTitle "CBM 102 Extra"]
[Source "ChessBase"]
[SourceDate "2004.11.03"]
[SourceVersion "1"]
[SourceVersionDate "2004.11.03"]
[SourceQuality "1"]

1. d4 d5 2. c4 e6 3. Nc3 Nf6 4. cxd5 exd5 5. Bg5 Be7 6. e3 c6 7. Qc2 0-0 8. Bd3 Nbd7 9. Nge2 Re8 10. 0-0 Nf8 11. f3 c5 12. Rad1 c4 13. Bf5 g6 14. Bxc8 Rxc8 15. e4 dxe4 16. fxe4 Ne6 17. Bxf6 Bxf6 18. e5 Bg7 19. Ne4 Rc7 20. Qc1 Rd7 21. Nd6 Rxd6 22. exd6 b5 23. b3 Qxd6 24. bxc4 Nxd4 25. Nxd4 Bxd4+ 26. Kh1 Re4 27. cxb5 Rh4 28. Qc8+ Kg7 29. h3 f5 30. Rf3 Qe5 31. Qd7+ Kh6 32. Rfd3 Re4 33. Rxd4 Re1+ 34. Rxe1 Qxe1+ 35. Kh2 Qe5+ 1/2-1/2

[Event "Itau Cup 8th"]
[Site "Sao Paulo"]
[Date "2004.09.27"]
[Round "4"]
[White "Mobaier, Sergio"]
[Black "Frare, Fernando Cesar"]
[Result "0-1"]
[WhiteElo "2032"]
[BlackElo "2226"]
[PlyCount "72"]
[EventDate "2004.09.04"]
[EventType "swiss"]
[EventRounds "9"]
[EventCountry "BRA"]
[SourceTitle "CBM 102 Extra"]
[Source "ChessBase"]
[SourceDate "2004.11.03"]
[SourceVersion "1"]
[SourceVersionDate "2004.11.03"]
[SourceQuality "1"]

1. e4 c5 2. Nf3 d6 3. d4 cxd4 4. Qxd4 a6 5. c4 Nf6 6. Nc3 e6 7. Be2 Be7 8. 0-0 Qc7 9. b3 0-0 10. Bb2 Nbd7 11. Rfd1 b6 12. Rac1 Bb7 13. Ba3 Nc5 14. e5 dxe5 15. Qxe5 Rac8 16. Qxc7 Rxc7 17. Rc2 Rfc8 18. Rcd2 Nxb3 19. axb3 Bxa3 20. Na4 Bc5 21. Rd8+ Ne8 22. b4 Bxb4 23. Nxb6 Rxd8 24. Rxd8 Kf8 25. Rd1 Ke7 26. Nd4 Nd6 27. Nb3 Rc6 28. c5 Bxc5 29. Na4 Bb4 30. h3 Rc7 31. Rd4 a5 32. Rh4 Bd5 33. Nd4 Rc1+ 34. Kh2 Nf5 35. Nxf5+ exf5 36. Rxh7 Bd6+ 0-1

[Event "BRA-ch sf2"]
[Site "Vitoria"]
[Date "2004.09.??"]
[Round "6"]
[White "Asfora, Marco Antonio Hazin"]
[Black "Frare, Fernando Cesar"]
[Result "1/2-1/2"]
[WhiteElo "2289"]
[BlackElo "2226"]
[PlyCount "80"]
[EventDate "2004.09.04"]
[EventType "swiss"]
[EventRounds "7"]
[EventCountry "BRA"]
[SourceTitle "EXT 2022"]
[Source "ChessBase"]
[SourceDate "2021.10.06"]
[SourceVersion "1"]
[SourceVersionDate "2021.10.06"]
[SourceQuality "1"]

1. Nf3 c5 2. c4 e6 3. Nc3 Nf6 4. g3 b6 5. Bg2 Bb7 6. 0-0 Be7 7. a3 0-0 8. Rb1 d5 9. cxd5 Nxd5 10. Nxd5 Qxd5 11. b4 Nc6 12. Ne1 Qd7 13. b5 Nd4 14. Bxb7 Qxb7 15. Nc2 Nxc2 16. Qxc2 Bf6 17. d3 Rfd8 18. a4 h5 19. Be3 h4 20. Rfc1 Bd4 21. Qd2 hxg3 22. hxg3 Rd5 23. Bxd4 Rxd4 24. Rc4 Rad8 25. Rbc1 R8d5 26. Qe3 Rh5 27. f3 Rhd5 28. Kf2 Qd7 29. Rxd4 Rxd4 30. Rc4 Rxc4 31. dxc4 Qc7 32. Qe4 Kf8 33. f4 Ke7 34. g4 Qd6 35. Kf3 Qd1 36. Qb7+ Qd7 37. Qa8 g6 38. g5 e5 39. Qh8 f5 40. Qf6+ Ke8 1/2-1/2